| 000 | 00344nam a2200145Ia 4500 | ||
|---|---|---|---|
| 008 | 150201s2013 xx 000 0 und d | ||
| 082 |
_a611 _bH13K |
||
| 100 | _aKUMAR BRIJESH | ||
| 245 | _aHISTOLOGY TEXT & ATLAS | ||
| 250 | _a1ST | ||
| 260 |
_bWOLTERS KLUWER _aDELHI _c2013 |
||
| 300 | _a1-374 | ||
| 650 | _aHUMAN ANATOMY | ||
| 942 |
_2ddc _cBK _07 |
||
| 999 |
_c1596 _d1596 |
||